Θέατρο και παιδεία

Αποθηκεύτηκε σε:
Λεπτομέρειες βιβλιογραφικής εγγραφής
Κύριος συγγραφέας: Γραμματάς, Θόδωρος Α., 1951-
Μορφή: Βιβλίο
Γλώσσα:Greek
Δημοσίευση: Αθήνα : [χ. ό.], C1997.
Θέματα:
Ετικέτες: Προσθήκη ετικέτας
Δεν υπάρχουν, Καταχωρήστε ετικέτα πρώτοι!

MARC

LEADER 00000cam a2200000 i 4500
001 1/98357
008 081127s1997 gr | ||| |||| ||gre||
020 |a 9609077404  
035 |l 10102063 
040 |a GR-MyUa  |b gre  |e AACR2 
041 0 |a gre 
082 7 |a 372.66   |2 (22)  
082 7 |a 792.071   |2 (23) 
100 1 |a Γραμματάς, Θόδωρος Α.,   |d 1951- 
245 1 0 |a Θέατρο και παιδεία /   |c Θόδωρος Γραμματάς.  
260 |a Αθήνα :   |b [χ. ό.],   |c C1997. 
300 |a 664 σ. :   |b διαγρ., πίν., εικ. ;   |c 24 εκ. 
500 |a Το Παράρτημα Ρόδου διαθέτει την 4η ανατύπωση του 2003 και την 6η ανατύπωση του 2009. 
500 |a Το Παράρτημα Σύρου διαθέτει την 6η ανατύπωση του 2009. 
504 |a Περιλαμβάνει βιβλιογραφικές παραπομπές.  
650 0 |a Theater and society. 
650 0 |a Drama in education. 
650 0 |a Theater  |x Study and teaching. 
650 0 |a Theater  |z Greece. 
852 |a INST  |b LESVOS  |c EUDOXUS  |e 20160812  |h 372.66 ΓΡΑ  |p 005100058458  |q 005100058458  |t EDX  |y 0 
852 |a INST  |b RHODES  |e 20081127  |h 372.66 ΓΡΑ  |p 005400031437  |q 005400031437  |t BK  |y 0 
852 |a INST  |b RHODES  |e 20121102  |h 372.66 ΓΡΑ  |p 005400034724  |q 005400034724  |t BK  |y 0 
852 |a INST  |b RHODES  |c EUDOXUS  |e 20130418  |h 372.66 ΓΡΑ  |p 005400035114  |q 005400035114  |t EDX  |y 0 
852 |a INST  |b RHODES  |c EUDOXUS  |e 20140527  |h 372.66 ΓΡΑ  |p 005400036570  |q 005400036570  |t EDX  |y 0 
852 |a INST  |b SYROS  |c EUDOXUS  |e 20190125  |h 792.071 ΓΡΑ  |p 005500013781  |q 005500013781  |t EDX  |y 0 
901 |a BIBL4-2008-3 
901 |a BIBL4-2012-3 
901 |a BIBL4-2013-1 
901 |a BIBL4-2014-2 
920 |a Εύδοξος  |b Επιστροφή  |y Ρόδος  |z 2013-04 
920 |a Εύδοξος  |b Επιστροφή  |y Ρόδος  |z 2014-05 
920 |a Εύδοξος  |b Επιστροφή Ρόδος  |y Λέσβος  |z 2016-08 
920 |a Εύδοξος  |b Επιστροφή  |y Σύρος  |z 2016-08 
970 |a Χαριοπολίτου  |b Κωνσταντίνα  |z 27/11/2008